Механика / (Record no. 515814)
[ view plain ]
| 000 -LEADER | |
|---|---|
| fixed length control field | 00817nam a2200205 a 4500 |
| 001 - CONTROL NUMBER | |
| control field | 000625900 |
| 003 - CONTROL NUMBER IDENTIFIER | |
| control field | AM-YEHGA |
| 005 - DATE AND TIME OF LATEST TRANSACTION | |
| control field | 20250617163958.0 |
| 008 - FIXED-LENGTH DATA ELEMENTS--GENERAL INFORMATION | |
| fixed length control field | 090121s1962 r 000 0 rus d |
| 040 ## - CATALOGING SOURCE | |
| Original cataloging agency | AM-YeHGA |
| 041 0# - LANGUAGE CODE | |
| Language code of text/sound track or separate title | rus |
| 090 ## - LOCALLY ASSIGNED LC-TYPE CALL NUMBER (OCLC); LOCAL CALL NUMBER (RLIN) | |
| -- | 519355 |
| 100 1# - MAIN ENTRY--PERSONAL NAME | |
| Personal name | Литвин-Седой, Михаил Зиновьевич |
| 245 10 - TITLE STATEMENT | |
| Title | Механика / |
| Statement of responsibility, etc. | М.З. Литвин-Седой, В.С. Ленский. |
| 260 ## - PUBLICATION, DISTRIBUTION, ETC. | |
| Place of publication, distribution, etc. | Москва : |
| Name of publisher, distributor, etc. | Изд-во МГУ, |
| Date of publication, distribution, etc. | 1962. |
| 300 ## - PHYSICAL DESCRIPTION | |
| Extent | 42 с. |
| 500 ## - GENERAL NOTE | |
| General note | О специальности " механика " на механико-математическом факультете Московского государственного университета |
| 650 14 - SUBJECT ADDED ENTRY--TOPICAL TERM | |
| Topical term or geographic name entry element | Механика |
| 700 1# - ADDED ENTRY--PERSONAL NAME | |
| Personal name | Ленский, Виктор Степанович |
| Withdrawn status | Lost status | Source of classification or shelving scheme | Damaged status | Not for loan | Collection | Home library | Current library | Date acquired | Total checkouts | Full call number | Barcode | Date last seen | Price effective from | Koha item type | Public note |
|---|---|---|---|---|---|---|---|---|---|---|---|---|---|---|---|
| Universal Decimal Classification | General | Fundamental Scientific Library | Fundamental Scientific Library | 24/09/2021 | PII/61951 | FL0660774 | 24/09/2021 | 24/09/2021 | Գրքեր / Books | 30 Days Loan | |||||
| Universal Decimal Classification | General | Fundamental Scientific Library | Fundamental Scientific Library | 06/10/2021 | PII/63177 | FL0661354 | 06/10/2021 | 06/10/2021 | Գրքեր / Books | 30 Days Loan | |||||
| General | Fundamental Scientific Library | Fundamental Scientific Library | 12/10/2021 | РII/63720 | FL0658538 | 12/10/2021 | 12/10/2021 | Գրքեր / Books | 30 Days Loan |
ՀՀ Գիտությունների ազգային ակադեմիայի հիմնարար գիտական գրադարան = Fundamental Scientific Library of NAS RA
All site content, except where otherwise noted, is licensed under a